Online
Catalog

José Cestero. Homenaje a René Magritte : (Record no. 50998)

MARC details
000 -CABECERA
campo de control de longitud fija 01141nam a22002537a 4500
003 - IDENTIFICADOR DEL NÚMERO DE CONTROL
campo de control DO-SdBNP
005 - FECHA Y HORA DE LA ÚLTIMA TRANSACCIÓN
campo de control 20211123094821.0
007 - CAMPO FIJO DE DESCRIPCIÓN FÍSICA--INFORMACIÓN GENERAL
campo de control de longitud fija ta
008 - DATOS DE LONGITUD FIJA--INFORMACIÓN GENERAL
campo de control de longitud fija 211118b2021 dr a|||| |||| 00| 0 spa d
020 ## - NÚMERO INTERNACIONAL ESTÁNDAR DEL LIBRO
Número Internacional Estándar del Libro 978-9945-9170-3-1
040 ## - FUENTE DE LA CATALOGACIÓN
Centro catalogador/agencia de origen DO-SdBNP
Lengua de catalogación spa
Centro/agencia transcriptor BNPHU
100 1# - ENTRADA PRINCIPAL--NOMBRE DE PERSONA
Nombre de persona Miguel, César
9 (RLIN) 79726
245 10 - MENCIÓN DE TÍTULO
Título José Cestero. Homenaje a René Magritte :
Resto del título el surrealista de la manzana verde y los sombreros de bombín /
Mención de responsabilidad, etc. César Miguel, Amable López Meléndez, Rolando Lecler ; fotografía Mariano Hernández, César Miguel.
260 ## - PUBLICACIÓN, DISTRIBUCIÓN, ETC.
Lugar de publicación, distribución, etc. Santo Domingo :
Nombre del editor, distribuidor, etc. Fundación para el Desarrollo del Arte, ArteDom.
Fecha de publicación, distribución, etc. 2021.
300 ## - DESCRIPCIÓN FÍSICA
Extensión 48 p. :
Otras características físicas il., fot. ;
Dimensiones 31 cm.
505 0# - NOTA DE CONTENIDO CON FORMATO
Nota de contenido con formato Biografía de René Magritte --
Título Introducción homenajeado al surrealismo César Migue --
-- José Cestero. homenaje a René Magritte /
Mención de responsabilidad Amable López Meléndez --
Título Biografía brebe de José Cestero.
590 ## - NOTA LOCAL (RLIN)
Nota local Inventariado, 2021 /LP<br/><br/><br/>
700 1# - PUNTO DE ACCESO ADICIONAL--NOMBRE DE PERSONA
Nombre de persona López Meléndez, Amable
9 (RLIN) 25471
700 1# - PUNTO DE ACCESO ADICIONAL--NOMBRE DE PERSONA
Nombre de persona Lecler, Rolando
9 (RLIN) 80709
700 1# - PUNTO DE ACCESO ADICIONAL--NOMBRE DE PERSONA
Nombre de persona Hernández, Mariano,
Término indicativo de función/relación fot.
9 (RLIN) 80710
700 1# - PUNTO DE ACCESO ADICIONAL--NOMBRE DE PERSONA
Nombre de persona Miguel, César,
Término indicativo de función/relación fot
9 (RLIN) 79726
910 ## - DATOS DE OPCIÓN DEL USUARIO (OCLC)
Datos de opción del usuario Lopérez
942 ## - ELEMENTOS DE PUNTO DE ACCESO ADICIONAL (KOHA)
Fuente del sistema de clasificación o colocación Dewey Decimal Classification
Tipo de ítem Koha Libro
Holdings
Estado de retiro Estado de pérdida Fuente del sistema de clasificación o colocación Restricciones de uso No para préstamo Código de colección Localización permanente Ubicación/localización actual Ubicación en estantería Fecha de adquisición Fuente de adquisición Total de préstamos Código de barras Fecha visto por última vez Precio válido a partir de Tipo de ítem Koha Número de copia
    Dewey Decimal Classification Excluido de préstamo   Patrimonio Dominicano Biblioteca Nacional Pedro Henríquez Ureña Patrimonio Dominicano Depósito 18.11.2021 Depósito Legal   2021-28214 18.11.2021 18.11.2021 Libro y Folleto Colección Patrimonio Dominicano  
    Dewey Decimal Classification Excluido de préstamo   Patrimonio Dominicano Biblioteca Nacional Pedro Henríquez Ureña Patrimonio Dominicano Depósito 18.11.2021 Depósito Legal   2021-28215 18.11.2021 18.11.2021 Libro y Folleto Colección Patrimonio Dominicano e.2

Powered by Koha